000 00711nam a2200289Ia 4500
005 20260324125154.0
008 008 260324s9999 xx 000 0 eng d
020 _a9781315130705
037 _aEBOOK
040 _aCRL
040 _beng
040 _cCRL
041 _2eng
041 _aeng
084 _qCRL
100 _aNathan Edmonson
_91168642
245 0 _aTechnological Foundations of Cyclical Economic Growth
245 4 _bThe Case of the United States Economy
260 _bTaylor and Francis
260 _c2009
365 _a
365 _b145
856 _uhttp://www.taylorfrancis.com/books/9781315130705
942 _cEBOOK
999 _c1771986
_d1771986